000 00960nam a2200229Ii 4500
003 JO-AjNU
008 230605s9999||||xx |||||||||||||| ||und||
017 _a2004/3/435
020 _a995716018-4
040 _aJO-AjNU
_bara
_erda
_cJO-AjNU
041 _aara
050 1 4 _aK5452.H8286.2005
100 3 _a الحديثي ، عمر فخري عبدالرزاق ,
_eauthor
_926706
245 0 0 _aحق المتهم في محاكمة عادلة " دراسة مقارنة "
250 _a(د،ط)
264 3 1 _aعمان : دار الثقافة ، 2005
300 _a256ص
_bيشتمل على المصادر والمراجع ص ( 237 - 252 )
336 _atext
_btxt
_2rdacontent
337 _aunmediated
_bn
_2rdamedia
338 _avolume
_bnc
_2rdacarrier
650 4 _aالمتهم -- قوانيين وأنظمة -- محاكمات جنائية -- حقوق مدنية -- قوانيين وأنظمة -- قانون الاجراءات الجنائية
_926707
999 _aA10151
_c13719
_d13719